Mastering public administration from Max Weber to Dwight Waldo
Enregistré dans:
| Auteur principal: | |
|---|---|
| Autres auteurs: | |
| Format: | Livre |
| Langue: | anglais |
| Publié: |
Los Angeles
SAGE/CQ Press
2014
|
| Édition: | 3rd ed. |
| Sujets: | |
| Tags: |
Pas de tags, Soyez le premier à ajouter un tag!
|
MARC
| LEADER | 00000nam a2200000 4500 | ||
|---|---|---|---|
| 001 | 0225147 | ||
| 005 | 20240306140356.4 | ||
| 020 | |a 978-1-4522-4004-6 | ||
| 041 | 0 | |a eng | |
| 044 | |a US | ||
| 245 | 1 | 0 | |a Mastering public administration |b from Max Weber to Dwight Waldo |c Brian R. Fry, Jos C. N. Raadschelders |
| 250 | |a 3rd ed. | ||
| 264 | 1 | |a Los Angeles |b SAGE/CQ Press |c 2014 | |
| 300 | |a 488 s. | ||
| 610 | 2 | 0 | |a správa verejná |
| 610 | 2 | 0 | |a história |
| 610 | 2 | 0 | |a vývoj |
| 610 | 2 | 0 | |a racionalizácia |
| 610 | 2 | 0 | |a metodológia |
| 610 | 2 | 0 | |a vedy spoločenské |
| 610 | 2 | 0 | |a vzťahy medziľudské |
| 610 | 2 | 0 | |a organizácie |
| 610 | 2 | 0 | |a veda |
| 610 | 2 | 0 | |a osobnosť |
| 100 | 1 | |a Fry, Brian R. | |
| 700 | 1 | |a Raadschelders, Jos C. N. | |